| 000 | 01134cam a22003377a 4500 | ||
|---|---|---|---|
| 003 | CHAP | ||
| 005 | 20220329133433.0 | ||
| 008 | 971013s1992 r 00010 d | ||
| 010 | _a6367 | ||
| 011 | _a7339 | ||
| 035 | _a6562 | ||
| 040 | _cCHAP | ||
| 090 | _aTesis | ||
| 100 | 0 | 0 |
_aRodríguez Díaz, Arturo. _998449 |
| 245 | 1 | 3 | _aLa prestación de los servicios técnicos forestales por la empresa Protinbos, período 1970-1990 |
| 260 |
_aChapingo, Méx. : _bEl autor, _c1992 |
||
| 300 | _a68 h. | ||
| 500 | _a62-7 | ||
| 502 | _aTesis (Ing. Agr. Esp. en Bosques) -- UACH. División de Ciencias Forestales | ||
| 590 |
_aALEPH _b10 _c20130110 _lUCH01 _h1218 |
||
| 590 |
_aBATCH-UPD _b10 _c20130110 _lUCH01 _h1609 |
||
| 590 |
_aBATCH-UPD _b10 _c20130410 _lUCH01 _h1005 |
||
| 590 |
_aBATCH-UPD _b10 _c20130914 _lUCH01 _h0706 |
||
| 590 |
_aCONVERSION _b10 _c20130109 _lUCH01 _h1305 |
||
| 650 | 1 | 4 |
_aBosques _xAdministración _xMéxico (Edo.) _914019 |
| 650 | 1 | 4 |
_aBosques _zMéxico (Edo.). _914419 |
| 650 | 1 | 4 |
_aRecursos forestales _xConservación. _995044 |
| 901 | _aBK | ||
| 942 | _cTESIS | ||
| 949 |
_bBC _cTES _d-16169 _eTS1 _h25609 _i6562 _si |
||
| 999 |
_c6367 _d6367 |
||